000
002520000a22000970004500
100
1
_a
Hinton, Keith W.
245
1
0
_a
In Singapore, christians witness through kiship networks
300
_a
Núm 8 (1985), Páginas 27-28
773
0
_t
Together
942
_c
ANA
999
_c
56979
_d
56979